| 000 | 00375nam a2200133Ia 4500 | ||
|---|---|---|---|
| 999 |
_c12046 _d12046 |
||
| 082 | _aRR 920.8622 CON- | ||
| 245 | 0 | _aContemporary who's who of professionals: 2004/2005 | |
| 260 |
_aRaleigh _bAmerican Biographical Institute _c2005 |
||
| 300 | _alxxiii, 530 | ||
| 650 | _aBiography | ||
| 650 | _aProfessional employee | ||
| 700 | _aC. Mitchell... [et. al.] | ||
| 942 |
_cBK _2ddc |
||